000 00482cam a2200181ua 4500
020 _c8.00
041 _amal
_h
082 _a894.812 09
_bRAJ/UL
100 _aRaja Raja Varma, Vadakkukoor .
245 _aUlloor Mahakavi /
_cVadakkumkoor Raja Raja Varma.
_hTextual Documents
250 _a1 /
_b.
260 _aKottayam :
_bSahitya Pravarthaka Co-operative Society ,
_c1966.
300 _a527 ; .
365 _a8.00
504 _a
942 _cBK
999 _c6501
_d6501